Landkreise in Baden-Württemberg - Sudden Death - Statistiken

Allgemein
  • Dieses Quiz wurde 221 mal gespielt
  • Das Durchschnittsergebnis liegt bei 7 aus 15
Answers on the Grid
Answers color-coded by a green-red scale on the quiz's grid according to % correct below.
Heilbronn
Mannheim-Heidelberg
Biberach
Villingen
Tuttlingen
Rhein-Kinzig-Kreis
Offenburg
Rastatt
Odenwaldkreis
Heidenheim
Mosbach
Rems-Murr-Kreis
Calw
Bruchsal
Göppingen
Schwäbisch Gmünd
Bodenseekreis
Lörrach
Zollernalbkreis
Neu-Ulm
Rottweil
Wetteraukreis
Kocherkreis
Sindelfingen
Ludwigsburg
Emmendingen
Sinsheim
Main-Tauber-Kreis
Stockach
Crailsheim
 
Antwortstatistiken
Antwort % Korrekt
Tuttlingen
54%
Bodenseekreis
52%
Heilbronn
52%
Zollernalbkreis
52%
Lörrach
50%
Ludwigsburg
50%
Calw
46%
Rastatt
46%
Emmendingen
45%
Göppingen
45%
Heidenheim
45%
Rems-Murr-Kreis
45%
Rottweil
45%
Biberach
43%
Main-Tauber-Kreis
42%
Keine übereinstimmenden Quizze gefunden
Verteilung der Resultate
Anzahl Personen mit jedem Resultat
Perzentil nach korrekt beantworteten Fragen
Ihre Resultats-Entwicklung
Sie haben dieses Quiz noch nicht gespielt